|
|
|
|
| LEADER |
01057nam a2200289 a 4500 |
| 001 |
17618 |
| 003 |
BD-DhAAL |
| 005 |
20140521120247.0 |
| 008 |
140521s1985 ilu b 001 0 eng |
| 010 |
|
|
|a 84016246
|
| 020 |
|
|
|a 0226261514
|
| 020 |
|
|
|a 0226261522 (pbk.)
|
| 040 |
|
|
|a DLC
|c DLC
|d DLC
|d BD-DhAAL
|
| 050 |
0 |
0 |
|a HQ75.5
|b .L44 1985
|
| 082 |
0 |
0 |
|a 306.7/663
|2 19
|
| 245 |
0 |
4 |
|a The Lesbian issue :
|b essays from Signs /
|c edited by Estelle B. Freedman ... [et al.].
|
| 260 |
|
|
|a Chicago :
|b University of Chicago Press,
|c 1985.
|
| 300 |
|
|
|a 320 p. ;
|c 23 cm.
|
| 504 |
|
|
|a Includes bibliographical references and index.
|
| 541 |
|
|
|e 17618
|
| 650 |
|
0 |
|a Lesbians.
|9 4566
|
| 700 |
1 |
|
|a Freedman, Estelle B.,
|d 1947-
|9 4567
|
| 730 |
0 |
|
|a Signs.
|9 4568
|
| 852 |
|
|
|a Ayesha Abed Library
|c General Shelf
|
| 942 |
|
|
|2 ddc
|c BK
|
| 999 |
|
|
|c 14351
|d 14351
|
| 952 |
|
|
|0 0
|1 0
|2 ddc
|4 0
|6 306_766300000000000_LES
|7 0
|9 24331
|a BRACUL
|b BRACUL
|c GEN
|d 2014-05-21
|l 0
|o 306.7663 LES
|p 3010017618
|r 2014-05-21
|t 1
|w 2014-05-21
|y BK
|x Transferred from ENH to Ayesha Abed library on 20/12/2023
|